Los Partidos de centro y la evolución política chilena
Guardat en:
| Autor principal: | |
|---|---|
| Format: | Llibre |
| Idioma: | espanyol |
| Publicat: |
Santiago
CIEPLAN-NOTREDAME
1992
|
| Matèries: | |
| Etiquetes: |
Afegir etiqueta
Sense etiquetes, Sigues el primer a etiquetar aquest registre!
|
MARC
| LEADER | 00000nam a2200000 a 4500 | ||
|---|---|---|---|
| 001 | UCX4972 | ||
| 003 | CL-VaPUC | ||
| 005 | 20240709122953.0 | ||
| 008 | 920818e19920000CL |||||||||||||||||spa|d | ||
| 999 | |c 225333 |d 225331 | ||
| 040 | |c Pontificia Universidad Católica de Valparaíso | ||
| 082 | 0 | 4 | |a 324.283 |b SCU |2 21 |
| 100 | 0 | |a Scully, Timothy |e author |9 321269 | |
| 245 | 1 | 4 | |a Los Partidos de centro y la evolución política chilena |
| 260 | |a Santiago |b CIEPLAN-NOTREDAME |c 1992 | ||
| 300 | |a 275 p | ||
| 583 | |a last modification |c 19920818 00:00:00 |k Rodrigo Vera | ||
| 650 | 0 | |a Partidos políticos |9 254999 |z Chile |y 1810-1973 | |
| 650 | 0 | |a Partidos de centro |z Chile |y Siglo 19-20 |9 889789 | |
| 651 | 7 | |2 CL-VaPUC |9 321270 | |
| 942 | |c BK |2 ddc | ||
| 945 | |d 19920818 00:00:00 | ||
| 952 | |0 0 |1 0 |2 ddc |4 0 |6 324_283000000000000_SCU_1992 |7 1 |8 R |9 222755 |a BIBHIS |b BIBHIS |d 2019-11-15 |i 2915405 |l 2 |o 324.283 SCU 1992 |p 2915405 |r 2024-06-26 |s 2024-06-26 |w 2019-11-15 |y BK_R |k HIS | ||
| 952 | |0 0 |1 0 |4 0 |6 324_283000000000000_SCU_1992 |7 0 |8 A |9 222756 |a BIBDER |b BIBDER |d 2019-11-15 |i 3238970 |o 324.283 SCU 1992 |p 3238970 |r 2023-01-25 |w 2019-11-15 |y BK |k DER | ||